|
|
|
|
| LEADER |
00798cam a2200229 7i4500 |
| 001 |
0000038116 |
| 005 |
20200519090000.0 |
| 020 |
|
|
|a 0781790387 (pbk.)
|
| 020 |
|
|
|a 9780781790383
|
| 090 |
0 |
0 |
|a RA975.5.C36
|b P44 2010
|
| 100 |
1 |
|
|a Powell, Suzanne K
|
| 245 |
1 |
0 |
|a Case management :
|b a practical guide for education and practice
|c Suzanne K. Powell, Hussein A. Tahan.
|
| 250 |
|
|
|a 3rd ed.
|
| 260 |
|
|
|a Philadelphia:
|b Wolters Kluwer Health/Lippincott Williams & Wilkins,
|c 2010.
|
| 300 |
|
|
|a xi, 444 p.:
|b ill.;
|c 28 cm.
|
| 650 |
0 |
0 |
|a Hospitals --
|x Case management services
|
| 650 |
0 |
0 |
|a Primary nursing
|
| 650 |
0 |
0 |
|a Case Management
|
| 700 |
1 |
|
|a Tahan, Hussein A
|
| 997 |
|
|
|a Health Sciences, Faculty
|
| 998 |
|
|
|a Nursing, Diploma
|
| 999 |
|
|
|a 0000051328
|b BOK
|c OPEN SHELF
|e 1st Floor, Shah Alam
|